00347pab a2200133 454500008004000000100002000040245002000060260000900080300001300089362001100102650004400113650002200157773003400179180718b2010 xxu||||| |||| 00| 0 eng d aDandavate, Uday aIcons of Mumbai c2010 ap.29-31. a20 Nov aUrban development - India - Maharashtra aUrban development aEconomic and Political Weekly